000 00637nam a22002417a 4500
003 UA-OsUOA
001 87218
007 ta
008 20120915b un ||||| |||| 00| 0 ukr d
100 _aХрапченко М.Б.
090 _a82.09
_bХ90
942 _cBK
040 _aUA-OsUOA
_brus
_cUA-OsUOA
_dUA-OsUOA
245 _aХудожественное творчество, действительность, человек
300 _a415 с.
955 _a0
041 _arus
080 _a82.09
260 _aМосква
_bСоветский писатель
_c1982
044 _aRU
650 7 _2UDC
999 _c373509
_d373509